000 00619nam a2200145Ia 4500
008 081213s9999 xx 000 0 und d
050 _aBR1443.K4
_bA54 1979
100 _aAnglican Church of Kenya
245 _aThe Anglican Church of Kenya constitution
_c Anglican Church of Kenya
260 _c1979
_aNairobi
_bThe Anglican Church of Kenya and Uzima Press
300 _a315 p. ;
_c30 cm.
650 _aAnglican Church of Kenya -- Government
942 _cBK
_2lcc
999 _c32696
_d32696